000 00517nam a2200181 i 4500
001 102554
003 ES-MaACL
005 20230906183132.0
007 t|
008 051117s1982 sp ||||1| spa d
100 1 _aMerton, Thomas.
_980619
245 1 0 _aAcción y contemplación /
_cThomas Merton; [traducción David Rosenbaum].
250 _a[1ª ed.].
260 _aBarcelona :
_bKairós,
_c1982.
300 _a195 p. ;
_c20 cm.
700 1 _aRosenbaum, David.
_999718
852 _aES-MaACL
_jL-2106
_bR.102979
999 _c102554
_d102554